Egypt : (Record no. 16113)
[ view plain ]
| 000 -LEADER | |
|---|---|
| fixed length control field | 01499cam a2200385 a 4500 |
| 001 - CONTROL NUMBER | |
| control field | 13564673 |
| 005 - DATE AND TIME OF LATEST TRANSACTION | |
| control field | 20171012120952.0 |
| 008 - FIXED-LENGTH DATA ELEMENTS--GENERAL INFORMATION | |
| fixed length control field | 040420s2003 enkab b 001 0 eng d |
| 010 ## - LIBRARY OF CONGRESS CONTROL NUMBER | |
| LC control number | 2004270342 |
| 015 ## - NATIONAL BIBLIOGRAPHY NUMBER | |
| National bibliography number | GBA3-Y6964 |
| 020 ## - INTERNATIONAL STANDARD BOOK NUMBER | |
| International Standard Book Number | 1860645488 (pbk.) |
| 020 ## - INTERNATIONAL STANDARD BOOK NUMBER | |
| International Standard Book Number | 9781860645488 (pbk.) |
| 035 ## - SYSTEM CONTROL NUMBER | |
| System control number | (OCoLC)ocm51737815 |
| 040 ## - CATALOGING SOURCE | |
| Original cataloging agency | UKM |
| Transcribing agency | UKM |
| Modifying agency | OCLCQ |
| -- | J2H |
| -- | GZM |
| -- | DLC |
| 042 ## - AUTHENTICATION CODE | |
| Authentication code | lccopycat |
| 043 ## - GEOGRAPHIC AREA CODE | |
| Geographic area code | f-ua--- |
| 050 00 - LIBRARY OF CONGRESS CALL NUMBER | |
| Classification number | HC830 |
| Item number | .I285 2003 |
| 082 04 - DEWEY DECIMAL CLASSIFICATION NUMBER | |
| Classification number | 330.962 |
| Edition number | 22 |
| Item number | IBR |
| 100 1# - MAIN ENTRY--PERSONAL NAME | |
| Personal name | Ibrahim, Fouad N. |
| 9 (RLIN) | 27434 |
| 245 10 - TITLE STATEMENT | |
| Title | Egypt : |
| Remainder of title | An Economic Geography / |
| Statement of responsibility, etc | Fouad N. Ibrahim with Barbara Ibrahim. |
| 260 ## - PUBLICATION, DISTRIBUTION, ETC. (IMPRINT) | |
| Place of publication, distribution, etc | London ; |
| -- | New York : |
| Name of publisher, distributor, etc | I.B. Tauris, 2003 |
| Date of publication, distribution, etc | 2003. |
| 300 ## - PHYSICAL DESCRIPTION | |
| Extent | viii, 285 p. : |
| Other physical details | ill., maps ; |
| Dimensions | 24 cm. |
| 490 ## - Series Statement | |
| -- | 27433 |
| Series statement | International Library of Human Geography ; |
| Volume/sequential designation | V.1 |
| 504 ## - BIBLIOGRAPHY, ETC. NOTE | |
| Bibliography, etc | Includes bibliographical references (p. [255]-279) and index. |
| 650 #0 - SUBJECT ADDED ENTRY--TOPICAL TERM | |
| Topical term or geographic name as entry element | Human geography |
| Geographic subdivision | Egypt. |
| 9 (RLIN) | 27435 |
| 653 ## - INDEX TERM--UNCONTROLLED | |
| Resource For college | |
| Arrived date list | October2013 |
| 655 ## - INDEX TERM--GENRE/FORM | |
| Form subdivision | |
| -- | 33728 |
| 651 #0 - SUBJECT ADDED ENTRY--GEOGRAPHIC NAME | |
| 9 (RLIN) | 27436 |
| Geographic name | Egypt |
| General subdivision | Economic conditions |
| 700 1# - ADDED ENTRY--PERSONAL NAME | |
| Personal name | Ibrahim, Barbara. |
| 9 (RLIN) | 27437 |
| 856 42 - ELECTRONIC LOCATION AND ACCESS | |
| Materials specified | Contributor biographical information |
| Uniform Resource Identifier | <a href="http://www.loc.gov/catdir/bios/hol058/2004270342.html">http://www.loc.gov/catdir/bios/hol058/2004270342.html</a> |
| 856 42 - ELECTRONIC LOCATION AND ACCESS | |
| Materials specified | Publisher description |
| Uniform Resource Identifier | <a href="http://www.loc.gov/catdir/description/hol054/2004270342.html">http://www.loc.gov/catdir/description/hol054/2004270342.html</a> |
| 856 41 - ELECTRONIC LOCATION AND ACCESS | |
| Materials specified | Table of contents |
| Uniform Resource Identifier | <a href="http://www.loc.gov/catdir/toc/fy045/2004270342.html">http://www.loc.gov/catdir/toc/fy045/2004270342.html</a> |
| 942 ## - ADDED ENTRY ELEMENTS (KOHA) | |
| Source of classification or shelving scheme | Dewey Decimal Classification |
| Item type | NB - Book (Non borrowing) |
| Withdrawn status | Item status | Source of classification or shelving scheme | Damaged status | Not for loan | Vendor | Home library | Current library | Shelving location | Date acquired | Source of acquisition | Total Checkouts | Total Renewals | Full call number | Barcode | Date last seen | Date last borrowed | Koha item type |
|---|---|---|---|---|---|---|---|---|---|---|---|---|---|---|---|---|---|
| Dewey Decimal Classification | Baccah | Central Library | Central Library | First floor | 09/10/2011 | 1 | 3 | 330.962 IBR | 000025222 | 15/07/2025 | 05/09/2012 | NB - Book (Non borrowing) | |||||
| Dewey Decimal Classification | Baccah | Central Library | Central Library | First floor | 09/10/2011 | 3 | 330.962 IBR | 000025221 | 15/07/2025 | 27/10/2013 | NB - Book (Non borrowing) | ||||||
| Dewey Decimal Classification | Baccah | Central Library | Central Library | First floor | 30/10/2011 | Purchase | 1 | 330.962 IBR | 000025515 | 15/07/2025 | 13/11/2011 | Book - Borrowing | |||||
| Dewey Decimal Classification | Baccah | Central Library | Central Library | First floor | 31/10/2013 | Purchase | 10 | 30 | 330.962 IBR | 000029567 | 15/07/2025 | 08/11/2020 | Book - Borrowing | ||||
| Dewey Decimal Classification | Baccah | Central Library | Central Library | First floor | 18/02/2018 | Purchase | 330.962 IBR | 000042975 | 15/07/2025 | Book - Borrowing | |||||||
| Dewey Decimal Classification | Baccah | Central Library | Central Library | First floor | 18/02/2018 | Purchase | 330.962 IBR | 000042976 | 15/07/2025 | Book - Borrowing |